Представление документа в формате RUSMARC

ПолеНазваниеЗначение
  Тип записи a
  Библиографический уровень a
001 Контрольный номер RU/CBS_Ul/BASE/495031836
005 Дата корректировки 20240209175150.8
100 Данные общей обработки __
a Данные общей обработки 20150908d2015 ||| 0rusy0189 ca
101 Язык документа 0_
a Язык текста rus
102 Страна публикации __
a Страна публикации RU
105 Кодированные данные (монография) __
a Кодированные данные (монография) y###||||000|y
200 Заглавие и сведения об ответственности 1_
a Заглавие Журнал, который учит
b Общее обозначение материала Текст
e Сведения, относящиеся к заглавию [журналу «Литературная учеба» – 85 лет]
f Первые сведения об ответственности М. Голубков
300 Общие примечания __
a Общие примечания Ограничения по возрасту - 6+
461 Уровень набора _0
1 2000
a Семья и школа
463 Уровень физической единицы _0
1 001RU/CBS_Ul/BASE/494615536
1 2000
a № 5-6
v С. 68-71
1 210
d 2015
606 Тематические рубрики 0_
a Основная рубрика Периодические издания – Россия
610 Ключевые слова 0_
a Ключевые слова журналы
a Ключевые слова периодические издания
a Ключевые слова литературная учеба
686 Индексы других классификаций __
a Классификационный индекс 76.02
2 Код системы ББК
700 Автор _1
a Фамилия Голубков
b Имя (инициалы) М.
801 Источник записи _0
a Страна RU
b Организация МБУК ЦБС г. Ульяновска
c Дата составления 20150908
g Правила каталогизации RCR
801 Источник записи _1
a Страна RU
b Организация МБУК ЦБС г. Ульяновска
c Дата составления 20150908
g Правила каталогизации RCR
901 Тип документа __
t Тип документа b
w Контрольный № источника RU/CBS_Ul/BASE/494615536
910 Корректоры записи __
a Корректор записи Библиотека 18
938 Служебная информация __
a Имя БД period